| 000 | 00858nam a2200253 a 4500 | ||
|---|---|---|---|
| 001 | BRL_657 | ||
| 005 | 20190320210835.0 | ||
| 008 | 230913s1978----gw-ao#####---#000-0#ger-# | ||
| 020 | _a388209009X | ||
| 041 | _ager | ||
| 044 | _agw | ||
| 050 | 4 |
_aJN3201 _b.B47 1978 |
|
| 100 | 1 |
_aBergmann, Theodor _924545 |
|
| 245 | 1 | 0 |
_a50 Jahre KPD (Opposition) 30.12.1928 - 30.12.1978 _bDer beitrag der KPO zur marxistischen theorie und zur Geschichte der deutschen arbeiterbewegung versuch einer kritischen Würdigung _cTheodor Bergmann |
| 260 |
_aHannover _bSOAK _c1978 |
||
| 300 |
_a131 p. _bil. _c17 p. |
||
| 440 | 0 |
_aTexte zur Arbeiterbewegung _924546 |
|
| 500 | _aAu750 | ||
| 650 | 1 | 4 |
_aPartidos Politicos _xHistoria _zAlemania _924547 |
| 650 | 1 | 4 |
_aPartidos comunistas _xHistoria _zAlemania _924548 |
| 650 | 1 | 4 |
_aComunismo _99202 |
| 902 | _aGRL | ||
| 942 |
_2lcc _cB |
||
| 999 |
_c9469 _d9469 |
||